| 000 | 00878nam a22002537a 4500 | ||
|---|---|---|---|
| 005 | 20100803155452.0 | ||
| 010 | _aENG-97858 | ||
| 020 |
_a9788183333894 _c195.00 |
||
| 035 | _aEN-81391 | ||
| 037 | _bDBAD/PUB | ||
| 082 | _a005.3 | ||
| 100 |
_aJain, Satish _91584 |
||
| 245 |
_aPC software / _cby Satish Jain, Shalini Jain [and] M. Geetha |
||
| 260 |
_aNew Delhi _bBPB Publications _c2010 |
||
| 270 |
_aB-14, Connaught Place _bNew Delhi _e110001 |
||
| 300 |
_axx,333p.: _bill. _c24cm (pbk) |
||
| 500 | _aIncludes index | ||
| 650 |
_aApplication Software _95446 |
||
| 650 |
_aOperating Systems (computers) _95447 |
||
| 700 |
_aJain, Shalini _95448 |
||
| 700 |
_aGeetha, M. _95449 |
||
| 942 |
_2ddc _cEN _h005.3 _mJAI |
||
| 999 |
_c39045 _d39045 |
||